Przewodnik po technice mikrokomputerowej

Salvato in:
Dettagli Bibliografici
Autore principale: Sacha, Krzysztof
Altri autori: Misiurewicz, Piotr, Kreglewski, Tomasz
Natura: Libro
Lingua:polacco
Pubblicazione: Warszawa Wyd. Naukowo-Techn. 1988
Edizione:1. wyd.
Tags: Aggiungi Tag
Nessun Tag, puoi essere il primo ad aggiungerne!!

MARC

LEADER 00000nam a2200000 4500
001 c038139
005 20221219123642.3
041 0 |a pol 
044 |a PL 
245 1 0 |a Przewodnik po technice mikrokomputerowej  |c Krzysztof Sacha, Piotr Misiurewicz, Tomasz Kreglewski 
250 |a 1. wyd. 
264 1 |a Warszawa  |b Wyd. Naukowo-Techn.  |c 1988 
300 |a 125 s. 
100 1 |a Sacha, Krzysztof 
700 1 |a Misiurewicz, Piotr 
700 1 |a Kreglewski, Tomasz